| 000 | 01001nam0a22002891 4500 | ||
|---|---|---|---|
| 001 | RU\NLR\A1SV\100907 | ||
| 005 | 20260122105756.0 | ||
| 035 | _a(NLR Aleph) 009782260 | ||
| 090 |
_a10100566 _c10100566 |
||
| 100 | _a20100204d1919 u y0rusy50 ca | ||
| 101 | 0 | _arus | |
| 102 | _aRU | ||
| 200 | 1 |
_aКак в библиотеке распределяются книги по отделам _f(Из брош. А.А.Покровского) _gБибл. секция Культ.-просвет. отд. Ком. по воен. делам |
|
| 210 |
_aПг. _cТиполит. Н.И.Евстифеева _d1919 |
||
| 215 |
_a16 с. _d21 см |
||
| 620 | _dСанкт-Петербург | ||
| 700 | 1 |
_aПокровский _bА.А. _f1879-1942 _gАлександр Александрович |
|
| 801 | 0 |
_aRU _bNLR _c20100204 |
|
| 852 |
_aNLR _jБ 730/П-48 |
||
| 899 | _aСПбГУ | ||
| 899 | _aГПИБ | ||
| 899 | _aРГБ | ||
| 899 | _aTÜR | ||
| 942 | _cBOOK | ||
| 980 | _aA1SV | ||
| 980 | _aNB | ||